Operations management
Gespeichert in:
| 1. Verfasser: | |
|---|---|
| Weitere Verfasser: | |
| Format: | Buch |
| Sprache: | Englisch |
| Veröffentlicht: |
Upper Saddle River, N.J.
Pearson/Prentice Hall
2004
|
| Ausgabe: | 7th ed. |
| Schlagworte: | |
| Tags: |
Keine Tags, Fügen Sie das erste Tag hinzu!
|
MARC
| LEADER | 00000nam$a2200000$$$4500 | ||
|---|---|---|---|
| 001 | 0023378 | ||
| 005 | 20240306135312.4 | ||
| 020 | |a 0-13-120974-4 | ||
| 041 | 0 | |a eng | |
| 044 | |a US | ||
| 245 | 1 | 0 | |a Operations management |c Jay Heizer, Barry Render |
| 250 | |a 7th ed. | ||
| 264 | 1 | |a Upper Saddle River, N.J. |b Pearson/Prentice Hall |c 2004 | |
| 300 | |a 769 s. |e 1 CD-ROM | ||
| 610 | 2 | 0 | |a manažment |
| 610 | 2 | 0 | |a projekty |
| 610 | 2 | 0 | |a prognózy |
| 610 | 2 | 0 | |a tovar |
| 610 | 2 | 0 | |a služby |
| 610 | 2 | 0 | |a riadenie kvality |
| 610 | 2 | 0 | |a kontrola |
| 610 | 2 | 0 | |a plánovanie |
| 610 | 2 | 0 | |a zdroje ľudské |
| 610 | 2 | 0 | |a riadenie operatívne |
| 610 | 2 | 0 | |a produkcia |
| 610 | 2 | 0 | |a programovanie lineárne |
| 610 | 2 | 0 | |a modely |
| 610 | 2 | 0 | |a simulácia |
| 610 | 2 | 0 | |a štatistika |
| 100 | 1 | |a Heizer, Jay | |
| 700 | 1 | |a Render, Barry | |